Score 0/20 Timer 06:00
0 Plays Today
% Correct
Hector (The Iliad)
87.5%
Marvin (Hitchhiker's Guide To The Galaxy Series)
78.1%
Javert (Les Misérables)
73.6%
Beowulf (Beowulf)
71.7%
Alyona Ivanovna (Crime and Punishment)
70.6%
Anna (Anna Karenina)
60.3%
Othello (Othello)
54.7%
Moriarty (Sherlock Holmes Series)
50.1%
Piggy (Lord of the Flies)
49.9%
Jim (The Red Badge Of Courage)
49.5%
% Correct
John (Brave New World)
43.2%
Catherine (Wuthering Heights)
41.4%
Emma (Madame Bovary)
28.6%
Vera (And Then There Were None)
26.8%
Billy Pilgrim (Slaughterhouse-Five)
25.9%
Hedda (Hedda Gabler)
23.5%
Stephen Blackpool (Hard Times)
19.1%
Captain Bentick (The Moon Is Down)
13.8%
Justine (Frankenstein)
13.2%
Mort (Discworld Series)
8.5%
Remove Ads.
Support Sporcle.
Get the best of Sporcle when you Go Orange. This ad-free experience offers more features, more stats, and more fun while also helping to support Sporcle. Thank you for becoming a member.

You're not logged in!

Compare scores with friends on all Sporcle quizzes.
OR
Log In

Show Comments

Extras

Top Quizzes Today


Score Distribution

Your Account Isn't Verified!

In order to create a playlist on Sporcle, you need to verify the email address you used during registration. Go to your Sporcle Settings to finish the process.

Report this User

Report this user for behavior that violates our Community Guidelines.

Details: